<?xml version='1.0' encoding='UTF-8'?>
  <record xmlns="http://www.loc.gov/MARC21/slim">
    <leader>00000cem a2200000 i 4500</leader>
    <controlfield tag="001">ocm71535071</controlfield>
    <controlfield tag="003">OCoLC</controlfield>
    <controlfield tag="005">20240929131214.3</controlfield>
    <controlfield tag="007">aj cauun</controlfield>
    <controlfield tag="008">990329s1854    ne        u     0   dut d</controlfield>
    <datafield tag="040" ind1=" " ind2=" ">
      <subfield code="a">NLGGC</subfield>
      <subfield code="b">dut</subfield>
      <subfield code="e">fobidrtb</subfield>
      <subfield code="c">NLGGC</subfield>
      <subfield code="d">OCLCO</subfield>
      <subfield code="d">OCLCL</subfield>
      <subfield code="d">OCLCQ</subfield>
    </datafield>
    <datafield tag="029" ind1="0" ind2=" ">
      <subfield code="a">NLGGC</subfield>
      <subfield code="b">181583283</subfield>
    </datafield>
    <datafield tag="034" ind1="1" ind2=" ">
      <subfield code="a">a</subfield>
      <subfield code="b">2584000</subfield>
    </datafield>
    <datafield tag="035" ind1=" " ind2=" ">
      <subfield code="a">(OCoLC)71535071</subfield>
    </datafield>
    <datafield tag="045" ind1="0" ind2=" ">
      <subfield code="b">d1854</subfield>
    </datafield>
    <datafield tag="084" ind1=" " ind2=" ">
      <subfield code="a">74.19</subfield>
      <subfield code="2">bcl</subfield>
    </datafield>
    <datafield tag="100" ind1="1" ind2=" ">
      <subfield code="a">Bogaerts, A.J.</subfield>
      <subfield code="q">(Adriaen Jan),</subfield>
      <subfield code="d">1813-1891.</subfield>
      <subfield code="1">https://id.oclc.org/worldcat/entity/E39PCjvfpPtRgq9CCPf7yC64tq</subfield>
    </datafield>
    <datafield tag="245" ind1="1" ind2="0">
      <subfield code="a">Kaart van de Oost-Zee met hare golven, baaijen, eilanden, rotsen, klippen, diepten, enz. enz. benevens den platten grond op groote schaal van de voornaamste zee-plaatsen krijgs- en handelhavens /</subfield>
      <subfield code="c">uit de naauwkeurigste bronnen geput en uit de beste zee- en landkaarten opgemaakt door A.J. Bogaerts lithograaph.</subfield>
    </datafield>
    <datafield tag="255" ind1=" " ind2=" ">
      <subfield code="a">Schaal 1:2.584.000.</subfield>
    </datafield>
    <datafield tag="260" ind1=" " ind2=" ">
      <subfield code="a">Breda :</subfield>
      <subfield code="b">Bogaerts,</subfield>
      <subfield code="c">1854.</subfield>
    </datafield>
    <datafield tag="300" ind1=" " ind2=" ">
      <subfield code="a">1 kaart. :</subfield>
      <subfield code="b">lithogr., in kleur. ;</subfield>
      <subfield code="c">57 x 71 cm.</subfield>
    </datafield>
    <datafield tag="336" ind1=" " ind2=" ">
      <subfield code="a">cartografische afbeelding</subfield>
      <subfield code="b">cri</subfield>
      <subfield code="2">rdacontent/dut</subfield>
    </datafield>
    <datafield tag="337" ind1=" " ind2=" ">
      <subfield code="a">zonder medium</subfield>
      <subfield code="b">n</subfield>
      <subfield code="2">rdamedia/dut</subfield>
    </datafield>
    <datafield tag="338" ind1=" " ind2=" ">
      <subfield code="a">vel</subfield>
      <subfield code="b">nb</subfield>
      <subfield code="2">rdacarrier/dut</subfield>
    </datafield>
    <datafield tag="651" ind1=" " ind2="7">
      <subfield code="a">Oostzeegebied.</subfield>
      <subfield code="2">gtt</subfield>
      <subfield code="0">(NL-LeOCL)078614236</subfield>
    </datafield>
    <datafield tag="787" ind1="1" ind2="8">
      <subfield code="i">Inzet:</subfield>
      <subfield code="t">[1.] Baltischhaven en Reval (schaal 1:336.700); [2.] St. Petersburg (schaal 1:180.000); [3.] Kroonstad (schaal 1:106.400); [4.] St. Petersburg en Kroonstad (schaal 1:336.700); [5.] Abo; [6.] Eknaes; [7.] Helsingfors; [8.] Borga; [9.] Lowisa; [10.] Fredrikshamm; [11.] Wijborg; [12.] Narva; [[13.] Kunda; [14.] Rotschensalm</subfield>
    </datafield>
    <datafield tag="936" ind1=" " ind2=" ">
      <subfield code="a">BATCHLOAD</subfield>
    </datafield>
  </record>